FC Barcelona Players 2008/09 - Sudden Death - Statistiken

Allgemein
  • Dieses Quiz wurde 680 mal gespielt
  • Das Durchschnittsergebnis liegt bei 4 aus 25
Answers on the Grid
Answers color-coded by a green-red scale on the quiz's grid according to % correct below.
Samuel Eto'o
Juliano Beletti
Cesc Fabregas
Andres Iniesta
David Villa
Pep Guardiola
Gerard Pique
Jordi Alba
Ronaldinho
Xavi
Andres Iniesta
Deco
Lionel Messi
Henrik Larsson
Thierry Henry
Maxwell
Rafael Marquez
Carles Puyol
Javier Mascherano
Victor Valdes
Martin Caceres
Giovanni dos Santos
Yaya Toure
Gianluca Zambrotta
Eidur Gudjohnsen
Jose Manuel Pinto
Bojan Krkic
Marc Bartra
Seydou Keita
Sylvinho
Christian Tello
Gabriel Milito
Dani Alves
Alexander Hleb
Eric Abidal
Giovanni van Bronckhorst
Albert Joquera
Pedro
Sergio Busquets
Victor Sanchez
 
Antwortstatistiken
Antwort % Korrekt
Samuel Eto'o
82%
Andres Iniesta
43%
Xavi
37%
Lionel Messi
29%
Andres Iniesta
20%
Gerard Pique
20%
Carles Puyol
18%
Victor Valdes
14%
Dani Alves
13%
Sergio Busquets
13%
Thierry Henry
13%
Eric Abidal
10%
Yaya Toure
7%
Pedro
6%
Rafael Marquez
6%
Seydou Keita
6%
Bojan Krkic
4%
Eidur Gudjohnsen
4%
Alexander Hleb
3%
Jose Manuel Pinto
3%
Gabriel Milito
2%
Martin Caceres
2%
Sylvinho
2%
Albert Joquera
1%
Victor Sanchez
1%
Keine übereinstimmenden Quizze gefunden
Verteilung der Resultate
Anzahl Personen mit jedem Resultat
Perzentil nach korrekt beantworteten Fragen
Ihre Resultats-Entwicklung
Sie haben dieses Quiz noch nicht gespielt